000 00776nam a2200253Ia 4500
003 OSt
005 20220923223059.0
006 a|||||r|||| 00| 0
007 ta
008 220922b |||||||| |||| 00| 0 hin d
024 _a210,851
037 _cTextual
040 _aARTS
_cARTS
_bhin
041 _2hin
_ahin
082 _aO152,3N334x, M1
100 _aचतुर्वेदी, जगदीश
245 0 _aविवर्त
246 _aVivarta
260 _aदिल्ली
_b किताबघर प्रका0
_c1981
300 _a142पृ.
_ccm.
650 _aहिन्दी साहित्य
_9156264
942 _hO152,3N334x, M1
_cTEXL
_2CC
999 _c361130
_d361130